000 00280nam a2200121Ia 4500
008 190216s9999||||xx |||||||||||||| ||und||
100 _aChindani N C Pillai
245 0 _aAanakkaran Appunni
260 _bPoorna Pubs Kozhikode
300 _a64
650 _aKathakal
942 _cBK
999 _c27389
_d27389